| 000 | 00543nmm a2200217 a 4500 | ||
|---|---|---|---|
| 003 | AR-BaBNM | ||
| 005 | 20251128204513.0 | ||
| 008 | 295019s1994 ||||||||||||||000 | spa|| | ||
| 020 | _a95020-0731-X | ||
| 040 | _cAR-BaBNM | ||
| 100 | 1 | _aGarrone, José Alberto | |
| 245 | 1 | 0 |
_aDiccionario jurídico Abeledo-Perrot _bP-Z _n3 |
| 250 | _a2ª ed. aum. | ||
| 260 |
_aBuenos Aires _bAbeledo-Perrot _c1994 |
||
| 300 | 0 | _a626 p. | |
| 650 | 4 | _aDICCIONARIOS | |
| 650 | 4 | _aCIENCIAS JURIDICAS | |
| 650 | 4 | _aDERECHO | |
| 942 | _cBK | ||
| 998 | _cCarmen | ||
| 999 |
_c7679 _d7679 |
||